Insulation Handbook

Tallennettuna:
Bibliografiset tiedot
Päätekijä: Richard T Bynum
Aineistotyyppi: Kirja
Kieli:Undetermined
Julkaistu: New York Mc Graw-hill 2001
Aiheet:
Tagit: Lisää tagi
Ei tageja, Lisää ensimmäinen tagi!
Thư viện lưu trữ: Trung tâm Học liệu Trường Đại học Cần Thơ
LEADER 00499nam a2200181Ia 4500
001 CTU_51826
008 210402s9999 xx 000 0 und d
020 |b 923000 
082 |a 693.83 
082 |b B994 
100 |a Richard T Bynum 
245 0 |a Insulation Handbook 
245 0 |c Richard T Bynum 
260 |a New York 
260 |b Mc Graw-hill 
260 |c 2001 
650 |a insulating materials industry,buiding materials industry 
980 |a Trung tâm Học liệu Trường Đại học Cần Thơ